[Event "Budapest SixDays 03 IM"]
[Site "Budapest"]
[Date "2024.04.03"]
[Round "8"]
[White "Radzimski, Antoni"]
[Black "Miszler, Levente"]
[Result "0-1"]
[WhiteElo "2224"]
[BlackElo "2273"]
[PlyCount "100"]
[EventDate "2024.03.30"]
[EventType "tourn"]
[EventRounds "9"]
[EventCountry "HUN"]
[SourceTitle "CB15_2024"]
[SourceDate "2024.04.10"]
[SourceVersion "1"]
[SourceVersionDate "2024.04.10"]
[SourceQuality "1"]

1. e4 e6 2. Qe2 c5 3. Nf3 Nc6 4. g3 g6 5. Bg2 Bg7 6. 0-0 e5 7. d3 Nge7 8. c3 0-0 9. a3 d6 10. b4 a6 11. Be3 b6 12. Ne1 Bb7 13. Nd2 f5 14. f3 f4 15. Bf2 Bc8 16. Rd1 g5 17. Nc2 Be6 18. Nc4 d5 19. exd5 Nxd5 20. Qe1 Qe7 21. bxc5 bxc5 22. d4 cxd4 23. cxd4 Rac8 24. dxe5 Na7 25. Nd4 Rxc4 26. Nxe6 Qxe6 27. Bxa7 Nc3 28. Rd6 Qxe5 29. Qxe5 Bxe5 30. Re6 Bc7 31. gxf4 Rfxf4 32. Be3 Ne2+ 33. Kf2 Rc2 34. Ke1 Ba5+ 35. Kd1 Ra2 36. Bxf4 Nxf4 37. Rxa6 Rd2+ 38. Kc1 Nd3+ 39. Kb1 Rb2+ 40. Ka1 Bc3 41. Rc6 Be5 42. f4 gxf4 43. Bd5+ Kf8 44. Rf3 Rf2+ 45. Kb1 Rb2+ 46. Ka1 Rxh2+ 47. Kb1 Rb2+ 48. Ka1 Rb5+ 49. Ka2 Rxd5 50. Rh6 Rb5 0-1

[Event "POL-ch sf"]
[Site "Karpacz"]
[Date "2023.12.07"]
[Round "4"]
[White "Niedbala, Bartlomiej"]
[Black "Radzimski, Antoni"]
[Result "1-0"]
[WhiteElo "2393"]
[BlackElo "2016"]
[PlyCount "89"]
[EventDate "2023.12.04"]
[EventType "swiss"]
[EventRounds "9"]
[EventCountry "POL"]
[SourceTitle "CB50_2023"]
[SourceDate "2023.12.13"]
[SourceVersion "1"]
[SourceVersionDate "2023.12.13"]
[SourceQuality "1"]

1. Nf3 Nf6 2. c4 e6 3. g3 d5 4. Bg2 Be7 5. 0-0 0-0 6. b3 c5 7. Bb2 d4 8. b4 a5 9. bxc5 Nc6 10. d3 e5 11. Nbd2 Nd7 12. Ne4 f5 13. Nd6 Nxc5 14. Nxc8 Rxc8 15. Rb1 Kh8 16. Nd2 Qc7 17. Ba1 Rf6 18. Nb3 Rd8 19. Nxc5 Bxc5 20. Qa4 b6 21. Bb2 Nb8 22. Bc1 h6 23. Kh1 Qe7 24. Qc2 Na6 25. Bd2 Nb4 26. Qb3 e4 27. a3 Nc6 28. Bc1 Qe6 29. Qc2 e3 30. Bd5 Rxd5 31. cxd5 Qxd5+ 32. f3 f4 33. Qb3 Qh5 34. g4 Qh3 35. Rg1 Ne5 36. Qd5 Ng6 37. Bb2 Rd6 38. Qe4 Kh7 39. Rbc1 Qh4 40. g5 h5 41. Qf5 Kh8 42. Bxd4 Bxd4 43. Rc8+ Kh7 44. Qf7 Nh8 45. g6+ 1-0

[Event "Wch U14"]
[Site "Montesilvano"]
[Date "2023.11.23"]
[Round "10"]
[White "Radzimski, Antoni"]
[Black "Balint, Peter1"]
[Result "1/2-1/2"]
[WhiteElo "1904"]
[BlackElo "2256"]
[PlyCount "66"]
[EventDate "2023.11.13"]
[EventType "swiss"]
[EventRounds "11"]
[EventCountry "ITA"]
[SourceTitle "CB48_2023"]
[SourceDate "2023.11.29"]
[SourceVersion "1"]
[SourceVersionDate "2023.11.29"]
[SourceQuality "1"]

1. d4 Nf6 2. c4 e6 3. Nc3 Bb4 4. e3 0-0 5. Bd3 d5 6. a3 Bxc3+ 7. bxc3 dxc4 8. Bxc4 c5 9. Ne2 Qc7 10. Bd3 Nc6 11. 0-0 e5 12. f4 exd4 13. cxd4 cxd4 14. e4 Nd7 15. Qc2 b6 16. Nxd4 Nc5 17. Nxc6 Nxd3 18. Qxd3 Qxc6 19. e5 Bb7 20. Rf2 Rad8 21. Qe2 f5 22. Bb2 Qe6 23. Rc1 Be4 24. Qe1 Rd5 25. Rd2 Rfd8 26. Rcd1 Qg6 27. g3 Qg4 28. Rxd5 Rxd5 29. Rxd5 Bxd5 30. Qc3 Qd1+ 31. Kf2 Be6 32. Qc6 Qd2+ 33. Kf1 Qd1+ 1/2-1/2

[Event "Wch U14"]
[Site "Montesilvano"]
[Date "2023.11.15"]
[Round "3"]
[White "Radzimski, Antoni"]
[Black "Zienkiewicz, Jan"]
[Result "1-0"]
[WhiteElo "1904"]
[BlackElo "2296"]
[PlyCount "71"]
[EventDate "2023.11.13"]
[EventType "swiss"]
[EventRounds "11"]
[EventCountry "ITA"]
[SourceTitle "CB48_2023"]
[SourceDate "2023.11.29"]
[SourceVersion "1"]
[SourceVersionDate "2023.11.29"]
[SourceQuality "1"]

1. d4 Nf6 2. c4 e6 3. Nc3 d5 4. cxd5 exd5 5. Bg5 Bb4 6. e3 h6 7. Bh4 g5 8. Bg3 h5 9. h4 Ne4 10. Nge2 Bg4 11. Qb3 Nxg3 12. Nxg3 Nc6 13. Nge2 Rh6 14. f3 Bf5 15. 0-0-0 Rd6 16. g4 Bxc3 17. Nxc3 Be6 18. hxg5 Qxg5 19. Nb5 Rd7 20. Rxh5 Qf6 21. g5 Qg7 22. Bd3 0-0-0 23. Rg1 a6 24. Nc3 Nxd4 25. exd4 Qxd4 26. Qd1 Rd6 27. g6 fxg6 28. Rxg6 Qf4+ 29. Kb1 d4 30. Rxe6 dxc3 31. Rxd6 Rxd6 32. Rh8+ Kd7 33. Qe2 Rb6 34. Qe8+ Kd6 35. Qd8+ Kc5 36. Rh5+ 1-0

[Event "Wch U14"]
[Site "Montesilvano"]
[Date "2023.11.14"]
[Round "2"]
[White "Myagmarsuren, Evsuld"]
[Black "Radzimski, Antoni"]
[Result "1/2-1/2"]
[WhiteElo "2150"]
[BlackElo "1904"]
[PlyCount "134"]
[EventDate "2023.11.13"]
[EventType "swiss"]
[EventRounds "11"]
[EventCountry "ITA"]
[SourceTitle "CB48_2023"]
[SourceDate "2023.11.29"]
[SourceVersion "1"]
[SourceVersionDate "2023.11.29"]
[SourceQuality "1"]

1. e4 e5 2. Nf3 Nc6 3. Bc4 Nf6 4. d3 Be7 5. 0-0 0-0 6. Re1 d6 7. a4 Kh8 8. Nc3 Bg4 9. h3 Bh5 10. Nd5 Nxd5 11. Bxd5 Bxf3 12. Qxf3 Nd4 13. Qd1 c6 14. Ba2 Bg5 15. c3 Ne6 16. g3 Bxc1 17. Rxc1 Qf6 18. Kg2 Rad8 19. a5 g6 20. h4 Kg7 21. b4 Rfe8 22. Qe2 Nc7 23. Qe3 d5 24. exd5 Nxd5 25. Qxa7 e4 26. Bxd5 cxd5 27. Re3 d4 28. cxd4 Rxd4 29. Qxb7 Rxd3 30. Rc6 Qf5 31. Rc5 Qf6 32. Rxd3 exd3 33. Qf3 Rd8 34. Qxf6+ Kxf6 35. Rc1 Ke5 36. a6 Rb8 37. a7 Ra8 38. Rc7 d2 39. Rd7 Rxa7 40. Rxd2 Rb7 41. Rb2 Ke4 42. b5 Rb6 43. Rb4+ Kd5 44. Kf3 Kc5 45. Rb2 f6 46. Rc2+ Kd5 47. Rd2+ Ke5 48. Rb2 h5 49. Ke3 g5 50. Rb4 Kd5 51. Kf3 Ke5 52. Ke3 Kd5 53. Kd3 Kc5 54. Kc3 Kd5 55. g4 hxg4 56. hxg5 fxg5 57. Rxg4 Rf6 58. Rxg5+ Kd6 59. Kb4 Rxf2 60. Ka5 Kc7 61. Rg7+ Kb8 62. Ka6 Rf6+ 63. b6 Rf8 64. Rg6 Rh8 65. Kb5 Rh5+ 66. Kc6 Rh8 67. b7 Rf8 1/2-1/2

[Event "EU-ch U12 rapid"]
[Site "Terme Catez"]
[Date "2023.09.29"]
[Round "8"]
[White "Dumbelovic, Novak"]
[Black "Radzimski, Antoni"]
[Result "0-1"]
[WhiteElo "1986"]
[BlackElo "1961"]
[PlyCount "136"]
[EventDate "2023.09.28"]
[EventType "swiss (rapid)"]
[EventRounds "9"]
[EventCountry "SLO"]
[SourceTitle "EXT 2024"]
[Source "ChessBase"]
[SourceDate "2023.10.10"]
[SourceVersion "1"]
[SourceVersionDate "2023.10.10"]
[SourceQuality "1"]

1. e4 c6 2. Nc3 d5 3. Nf3 Bg4 4. h3 Bxf3 5. Qxf3 e6 6. d3 Nd7 7. Bd2 Ngf6 8. 0-0-0 Bd6 9. g4 h6 10. Qe2 d4 11. Nb1 e5 12. Bg2 Qc7 13. h4 0-0-0 14. g5 Ng8 15. Bf3 hxg5 16. hxg5 Ne7 17. Bh5 Rdf8 18. Bg4 Kb8 19. Qf3 Rhg8 20. Rh7 Nc5 21. Na3 b5 22. Rdh1 Na4 23. Nb1 c5 24. b3 Nb6 25. c4 dxc3 26. Nxc3 a6 27. Kb2 Nc6 28. Be3 Ka7 29. Rc1 Nd4 30. Qd1 Rb8 31. f4 Qe7 32. fxe5 Bxe5 33. Kb1 Rgd8 34. Rh3 c4 35. dxc4 bxc4 36. Nd5 Qc5 37. Nxb6 Rxb6 38. Bxd4 Bxd4 39. Qe2 c3 40. Rd3 Rdd6 41. Bf3 a5 42. Kc2 a4 43. Rb1 Qa3 44. Kd1 Be5 45. Rd5 axb3 46. axb3 Rxb3 47. Rxb3 Qxb3+ 48. Qc2 Rxd5+ 49. exd5 Qc4 50. Qe4 Qxe4 51. Bxe4 Kb6 52. Kc2 Kc5 53. Kd3 Kb4 54. Kc2 Kc4 55. g6 f6 56. Bf3 f5 57. Bg2 Kd4 58. Bh3 f4 59. Bg2 Ke3 60. d6 Bxd6 61. Kxc3 f3 62. Bh3 Kf2 63. Kd3 Ke1 64. Ke3 f2 65. Ke4 f1Q 66. Bxf1 Kxf1 67. Kd5 Ba3 68. Ke6 Kg2 0-1

[Event "Warsaw Szansa rapid op"]
[Site "Warsaw"]
[Date "2023.09.17"]
[Round "2"]
[White "Gumularz, Szymon"]
[Black "Radzimski, Antoni"]
[Result "1-0"]
[WhiteElo "2587"]
[BlackElo "1904"]
[PlyCount "95"]
[EventDate "2023.09.17"]
[EventType "swiss (rapid)"]
[EventRounds "9"]
[EventCountry "POL"]
[SourceTitle "EXT 2024"]
[Source "ChessBase"]
[SourceDate "2023.10.10"]
[SourceVersion "1"]
[SourceVersionDate "2023.10.10"]
[SourceQuality "1"]

1. c4 e5 2. d3 Nf6 3. Nf3 Nc6 4. a3 d5 5. cxd5 Nxd5 6. Qc2 Be7 7. e3 0-0 8. b4 a6 9. Bb2 Bf6 10. Nbd2 Re8 11. Be2 Bg4 12. Ne4 Be7 13. h3 Bh5 14. 0-0 Bd6 15. Rac1 Bg6 16. Rfd1 Qd7 17. Nh4 Rad8 18. Nc5 Bxc5 19. Qxc5 Nb6 20. Ba1 Qe6 21. Nxg6 hxg6 22. Bf3 Nd5 23. b5 axb5 24. Qxb5 Nb6 25. Bxc6 bxc6 26. Qxc6 Qb3 27. Qc3 Qb5 28. Rb1 Qd7 29. Rbc1 Qb5 30. Qxc7 Ra8 31. Rb1 Nd5 32. Qxf7+ Kxf7 33. Rxb5 Red8 34. Bxe5 Rxa3 35. Rb7+ Ne7 36. Bxg7 Rdxd3 37. Rxd3 Rxd3 38. Bd4 Ke6 39. Rb6+ Kd5 40. g4 Nc6 41. Kg2 Rd1 42. Rb5+ Ke4 43. Rg5 Kd3 44. Rxg6 Ne7 45. Ra6 Nd5 46. h4 Ke4 47. h5 Rd2 48. h6 1-0

[Event "POL-ch Blitz U18"]
[Site "Bydgoszcz"]
[Date "2023.08.31"]
[Round "2"]
[White "Radzimski, Antoni"]
[Black "Klonowski, Kacper"]
[Result "1-0"]
[WhiteElo "1885"]
[BlackElo "1319"]
[PlyCount "28"]
[EventDate "2023.08.28"]
[EventType "swiss"]
[EventRounds "10"]
[EventCountry "POL"]
[SourceTitle "EXT 2024"]
[Source "ChessBase"]
[SourceDate "2023.10.10"]
[SourceVersion "1"]
[SourceVersionDate "2023.10.10"]
[SourceQuality "1"]

1. d4 d5 2. c4 e6 3. Nc3 Nf6 4. cxd5 exd5 5. Bg5 c6 6. e3 Be7 7. Bd3 Be6 8. Nge2 Bg4 9. f3 Bc8 10. Qc2 h6 11. Bh4 Nbd7 12. e4 dxe4 13. fxe4 Ng4 14. Bxe7 Qxe7 1-0

[Event "POL-ch Blitz U18"]
[Site "Bydgoszcz"]
[Date "2023.08.31"]
[Round "8"]
[White "Radzimski, Antoni"]
[Black "Rozanski, Mateusz"]
[Result "1-0"]
[WhiteElo "1885"]
[BlackElo "1925"]
[PlyCount "73"]
[EventDate "2023.08.28"]
[EventType "swiss"]
[EventRounds "10"]
[EventCountry "POL"]
[SourceTitle "EXT 2024"]
[Source "ChessBase"]
[SourceDate "2023.10.10"]
[SourceVersion "1"]
[SourceVersionDate "2023.10.10"]
[SourceQuality "1"]

1. d4 d5 2. c4 c6 3. cxd5 cxd5 4. Nc3 Nc6 5. Bf4 a6 6. e3 Nf6 7. Bd3 g6 8. Nge2 Bg7 9. 0-0 0-0 10. Rc1 e6 11. Qb3 Nh5 12. Na4 Nxf4 13. Nxf4 Qe7 14. Nc5 Rb8 15. a4 Bd7 16. Qb6 Nd8 17. Nxa6 bxa6 18. Qxb8 Nc6 19. Qb6 Rb8 20. Qxa6 Qd8 21. Rxc6 Bxc6 22. Qxc6 Rxb2 23. Qc3 Rb8 24. a5 Qd6 25. a6 e5 26. a7 Ra8 27. dxe5 Bxe5 28. Qa5 d4 29. Be4 Bxf4 30. Bxa8 dxe3 31. Bf3 Bxh2+ 32. Kh1 exf2 33. a8Q+ Kg7 34. Qc3+ Be5 35. Qe3 Qf6 36. Qxe5 Qxe5 37. Qa1 1-0

[Event "POL-ch Rapid U18"]
[Site "Bydgoszcz"]
[Date "2023.08.30"]
[Round "9"]
[White "Radzimski, Antoni"]
[Black "Rozanski, Mateusz"]
[Result "0-1"]
[WhiteElo "1943"]
[BlackElo "1932"]
[PlyCount "88"]
[EventDate "2023.08.28"]
[EventType "swiss"]
[EventRounds "11"]
[EventCountry "POL"]
[SourceTitle "EXT 2024"]
[Source "ChessBase"]
[SourceDate "2023.10.10"]
[SourceVersion "1"]
[SourceVersionDate "2023.10.10"]
[SourceQuality "1"]

1. d4 Nf6 2. c4 g6 3. Nc3 Bg7 4. e4 d6 5. Be2 0-0 6. h4 e5 7. d5 h5 8. Bg5 Qe8 9. Qd2 Nh7 10. 0-0-0 f5 11. exf5 Nxg5 12. hxg5 Bxf5 13. Nf3 Nd7 14. Nh4 Nc5 15. Nxf5 Rxf5 16. g4 hxg4 17. Bxg4 Rf4 18. f3 Rxc4 19. Kb1 b5 20. Ne4 Nxe4 21. fxe4 Rxe4 22. Be6+ Kf8 23. Rdf1+ Rf4 24. Rxf4+ exf4 25. Qxf4+ Ke7 26. Rh7 Qf8 27. Qc1 c5 28. Qe1 Re8 29. Bh3+ Kf7 30. Qf1+ Kg8 31. Qxf8+ Rxf8 32. Rh4 Rf2 33. Be6+ Kf8 34. b3 a5 35. Bd7 b4 36. Be6 Be5 37. Re4 Rb2+ 38. Kc1 Rxa2 39. Kd1 a4 40. bxa4 b3 41. Re3 Ra1+ 42. Ke2 b2 43. Rf3+ Ke7 44. Rf7+ Ke8 0-1

[Event "EU-chT U12"]
[Site "Iasi"]
[Date "2023.07.25"]
[Round "2.3"]
[White "Radzimski, Antoni"]
[Black "Vardi, Daniel"]
[Result "1-0"]
[WhiteElo "1885"]
[BlackElo "1834"]
[PlyCount "71"]
[EventDate "2023.07.24"]
[EventType "team-swiss"]
[EventRounds "7"]
[EventCountry "ROU"]
[SourceTitle "CBM 215 Extra"]
[Source "ChessBase"]
[SourceDate "2023.09.30"]
[SourceVersion "1"]
[SourceVersionDate "2023.09.30"]
[SourceQuality "1"]
[WhiteTeam "Poland U12"]
[BlackTeam "Israel U12"]
[WhiteTeamCountry "POL"]
[BlackTeamCountry "ISR"]

1. e4 e5 2. Nf3 Nc6 3. Nc3 Nf6 4. a3 Be7 5. d4 exd4 6. Nxd4 d6 7. Nde2 0-0 8. g3 Bg4 9. Bg2 Ne5 10. h3 Bf3 11. 0-0 Qd7 12. Bxf3 Nxf3+ 13. Kg2 Ne5 14. f4 Ng6 15. Qd3 Rfe8 16. Bd2 Bf8 17. Rae1 c5 18. g4 a6 19. Ng3 h6 20. Kh2 Qc6 21. Nf5 Rad8 22. g5 hxg5 23. fxg5 Ne5 24. Qg3 Nh5 25. Qh4 g6 26. Nd5 gxf5 27. Qxh5 Bg7 28. Rxf5 Re6 29. Ref1 Qa4 30. Rxf7 Qxe4 31. Bc3 Qxc2+ 32. R1f2 Qh7 33. Rxg7+ Qxg7 34. Nf6+ Rxf6 35. gxf6 Qd7 36. f7+ 1-0

[Event "Wch U12 blitz"]
[Site "Batumi"]
[Date "2023.06.11"]
[Round "8"]
[White "Moskvinov, Prokhor"]
[Black "Radzimski, Antoni"]
[Result "1-0"]
[WhiteElo "2057"]
[BlackElo "2028"]
[PlyCount "95"]
[EventDate "2023.06.10"]
[EventType "swiss (blitz)"]
[EventRounds "11"]
[EventCountry "GEO"]
[SourceTitle "EXT 2024"]
[Source "ChessBase"]
[SourceDate "2023.10.10"]
[SourceVersion "1"]
[SourceVersionDate "2023.10.10"]
[SourceQuality "1"]
[WhiteTeam "Russia"]
[BlackTeam "Poland"]
[WhiteTeamCountry "RUS"]
[BlackTeamCountry "POL"]

1. Nf3 d5 2. d4 e6 3. c4 c6 4. e3 Nf6 5. Nc3 Nbd7 6. Qc2 Be7 7. Bd3 dxc4 8. Bxc4 b5 9. Bd3 a6 10. e4 Bb7 11. e5 Nd5 12. Nxd5 cxd5 13. 0-0 Rc8 14. Qe2 0-0 15. Be3 Nb6 16. b3 Qd7 17. Nd2 Rfe8 18. f4 g6 19. Nf3 Bf8 20. g4 Rc3 21. Bd2 Rc6 22. f5 exf5 23. gxf5 Bg7 24. Qf2 Nc8 25. f6 Qg4+ 26. Qg3 Qxg3+ 27. hxg3 Bf8 28. Ng5 Nb6 29. e6 Rcxe6 30. Nxe6 Rxe6 31. Rae1 Bc8 32. Ba5 Na8 33. Rxe6 Bxe6 34. a4 bxa4 35. bxa4 Bd6 36. Bxa6 Bxg3 37. Bb7 Nc7 38. Bxc7 Bxc7 39. a5 Bxa5 40. Ra1 Bb4 41. Ra8+ Bf8 42. Rd8 h5 43. Bxd5 Bxd5 44. Rxd5 Kh7 45. Rd7 Kg8 46. Rd8 g5 47. d5 g4 48. d6 1-0

[Event "Wch U12 blitz"]
[Site "Batumi"]
[Date "2023.06.11"]
[Round "7"]
[White "Radzimski, Antoni"]
[Black "Ochedzan, Filip"]
[Result "1-0"]
[WhiteElo "2028"]
[BlackElo "1692"]
[PlyCount "77"]
[EventDate "2023.06.10"]
[EventType "swiss (blitz)"]
[EventRounds "11"]
[EventCountry "GEO"]
[SourceTitle "EXT 2024"]
[Source "ChessBase"]
[SourceDate "2023.10.10"]
[SourceVersion "1"]
[SourceVersionDate "2023.10.10"]
[SourceQuality "1"]
[WhiteTeam "Poland"]
[BlackTeam "Poland"]
[WhiteTeamCountry "POL"]
[BlackTeamCountry "POL"]

1. e4 c5 2. Nf3 d6 3. d4 cxd4 4. Nxd4 Nf6 5. Nc3 a6 6. Qf3 g6 7. h3 Bg7 8. Bg5 Nc6 9. Nb3 Be6 10. 0-0-0 Qc7 11. Kb1 Rc8 12. g4 b5 13. Nd5 Bxd5 14. exd5 Ne5 15. Qe2 h6 16. Bc1 Nc4 17. f4 a5 18. Nd4 Nxd5 19. Nxb5 Qb7 20. a4 Na3+ 21. Ka2 Nxb5 22. Qxb5+ Qxb5 23. Bxb5+ Kf8 24. Rxd5 Rxc2 25. Bd3 Rf2 26. Rxa5 Bd4 27. Ra8+ Kg7 28. Rxh8 Kxh8 29. Rd1 Bc5 30. Bd2 Rh2 31. Bc3+ Kg8 32. a5 Rxh3 33. b4 Ba7 34. b5 Rh2+ 35. Kb3 Kf8 36. b6 Bb8 37. a6 d5 38. a7 Bd6 39. a8Q+ 1-0

[Event "Wch U12 blitz"]
[Site "Batumi"]
[Date "2023.06.10"]
[Round "6"]
[White "Ter Abramyan, Aleksandr"]
[Black "Radzimski, Antoni"]
[Result "0-1"]
[WhiteElo "1587"]
[BlackElo "2028"]
[PlyCount "56"]
[EventDate "2023.06.10"]
[EventType "swiss (blitz)"]
[EventRounds "11"]
[EventCountry "GEO"]
[SourceTitle "EXT 2024"]
[Source "ChessBase"]
[SourceDate "2023.10.10"]
[SourceVersion "1"]
[SourceVersionDate "2023.10.10"]
[SourceQuality "1"]
[WhiteTeam "Russia"]
[BlackTeam "Poland"]
[WhiteTeamCountry "RUS"]
[BlackTeamCountry "POL"]

1. e4 c5 2. Nf3 d6 3. d4 cxd4 4. Nxd4 Nf6 5. Nc3 Bd7 6. f3 e5 7. Nb3 Nc6 8. Be3 Be7 9. Qd2 0-0 10. 0-0-0 a5 11. Qf2 a4 12. Nd2 a3 13. b3 Be6 14. Bb6 Qc8 15. g4 Nb4 16. Bc4 d5 17. exd5 Nfxd5 18. Nxd5 Bxd5 19. Kb1 Qc6 20. Rc1 Bg5 21. Be3 Bxe3 22. Qxe3 b5 23. Bxd5 Nxd5 24. Qxe5 Nc3+ 25. Ka1 Rfe8 26. Qf4 Ne2 27. Qg5 Qc3+ 28. Kb1 Qb2# 0-1

[Event "Wch U12 rapid"]
[Site "Batumi"]
[Date "2023.06.08"]
[Round "9"]
[White "Moskvinov, Prokhor"]
[Black "Radzimski, Antoni"]
[Result "1-0"]
[WhiteElo "2149"]
[BlackElo "2014"]
[PlyCount "83"]
[EventDate "2023.06.06"]
[EventType "swiss (rapid)"]
[EventRounds "11"]
[EventCountry "GEO"]
[SourceTitle "EXT 2024"]
[Source "ChessBase"]
[SourceDate "2023.10.10"]
[SourceVersion "1"]
[SourceVersionDate "2023.10.10"]
[SourceQuality "1"]
[WhiteTeam "FIDE"]
[BlackTeam "Poland"]
[BlackTeamCountry "POL"]

1. Nf3 d5 2. d4 Nf6 3. c4 e6 4. Nc3 Be7 5. Bf4 a6 6. e3 0-0 7. Qc2 Nbd7 8. c5 Nh5 9. Bd3 h6 10. 0-0 c6 11. b4 f5 12. Ne5 Qe8 13. Nxd7 Bxd7 14. Be5 Bf6 15. Bd6 Be7 16. Be5 Bf6 17. f3 Bxe5 18. dxe5 Qb8 19. f4 g5 20. g4 Ng7 21. h3 Qd8 22. Qf2 a5 23. a3 axb4 24. axb4 Rxa1 25. Rxa1 fxg4 26. hxg4 h5 27. Qh2 gxf4 28. exf4 Qe7 29. gxh5 Nf5 30. Kh1 Kh8 31. Rg1 Be8 32. Ne2 Qf7 33. Rg5 Qh7 34. Nd4 Qh6 35. Bxf5 exf5 36. Qh4 Qh7 37. Ne6 Rf7 38. h6 Re7 39. Rg7 Rxg7 40. Nxg7 Bf7 41. e6 Bg8 42. Qf6 1-0